Metode optice ale spectroscopiei hertziene (Record no. 64920)
[ view plain ]
| 000 -LEADER | |
|---|---|
| fixed length control field | 00332nam a22000977a 4500 |
| 008 - FIXED-LENGTH DATA ELEMENTS--GENERAL INFORMATION | |
| fixed length control field | 240726b |||||||| |||| 00| 0 eng d |
| 040 ## - CATALOGING SOURCE | |
| Original cataloging agency | National Science Library |
| Transcribing agency | National Science Library |
| 245 ## - TITLE STATEMENT | |
| Title | Metode optice ale spectroscopiei hertziene |
| 260 ## - PUBLICATION, DISTRIBUTION, ETC. | |
| Place of publication, distribution, etc. | Romania: |
| Name of publisher, distributor, etc. | Editura Academiei Republicii Socialiste, |
| Date of publication, distribution, etc. | 1970 |
| 942 ## - ADDED ENTRY ELEMENTS (KOHA) | |
| Source of classification or shelving scheme | Universal Decimal Classification |
| Koha item type | Books |
| Withdrawn status | Lost status | Source of classification or shelving scheme | Damaged status | Not for loan | Home library | Current library | Shelving location | Date acquired | Total Checkouts | Barcode | Date last seen | Price effective from | Koha item type |
|---|---|---|---|---|---|---|---|---|---|---|---|---|---|
| Universal Decimal Classification | National Science Library | National Science Library | SF/Rk-B3/C-2/R-2 | 26/07/2024 | 34284 | 26/07/2024 | 26/07/2024 | Books |